[Event "Wch Blitz (Women)"]
[Site "Samarkand"]
[Date "2023.12.29"]
[Round "2"]
[White "Khamdamova, Afruza"]
[Black "Abdulla, Khayala Mardan Qizi"]
[Result "1-0"]
[WhiteElo "2327"]
[BlackElo "2266"]
[PlyCount "99"]
[EventDate "2023.12.29"]
[EventType "swiss (blitz)"]
[EventRounds "17"]
[EventCountry "UZB"]
[SourceTitle "CB01_2024"]
[SourceDate "2024.01.03"]
[SourceVersion "1"]
[SourceVersionDate "2024.01.03"]
[SourceQuality "1"]

1. e4 c5 2. Nf3 e6 3. d4 cxd4 4. Nxd4 a6 5. Bd3 Nf6 6. 0-0 Qc7 7. c4 g6 8. Nc3 Bg7 9. Be3 Nc6 10. Nxc6 bxc6 11. c5 h5 12. h3 d5 13. cxd6 Qxd6 14. f4 Qb4 15. Qc2 0-0 16. a3 Qe7 17. e5 Nd5 18. Nxd5 cxd5 19. Bc5 Qd8 20. Bxf8 Bxf8 21. Rac1 Qb6+ 22. Kh1 Bb7 23. b4 Rc8 24. Qe2 Rxc1 25. Rxc1 Qd4 26. Rf1 Bh6 27. Qf3 Qc3 28. Be2 Qc7 29. Qd3 a5 30. bxa5 Qxa5 31. Qb5 Qa7 32. Rb1 Qf2 33. Qxb7 Qxe2 34. Qb5 Qe4 35. Qb4 d4 36. Rd1 Bxf4 37. Qxd4 Qe2 38. Qd3 Qxe5 39. a4 Qg5 40. Rf1 Be5 41. Qf3 Qe7 42. a5 Kg7 43. a6 Bb8 44. Qb7 Qd6 45. Qxf7+ Kh6 46. Qf8+ Qxf8 47. Rxf8 Ba7 48. Rf7 Bc5 49. a7 Bxa7 50. Rxa7 1-0

[Event "Wch Rapid (Women)"]
[Site "Samarkand"]
[Date "2023.12.28"]
[Round "10"]
[White "Nurmanova, Alua"]
[Black "Abdulla, Khayala Mardan Qizi"]
[Result "1-0"]
[WhiteElo "2326"]
[BlackElo "2266"]
[PlyCount "71"]
[EventDate "2023.12.26"]
[EventType "swiss (rapid)"]
[EventRounds "11"]
[EventCountry "UZB"]
[SourceTitle "CB01_2024"]
[SourceDate "2024.01.03"]
[SourceVersion "1"]
[SourceVersionDate "2024.01.03"]
[SourceQuality "1"]

1. e4 c5 2. Nf3 a6 3. c3 e6 4. d4 d5 5. e5 Nc6 6. Be2 Bd7 7. 0-0 f6 8. Bf4 Qb6 9. dxc5 Qxb2 10. Nbd2 Qxc3 11. Nb3 Qb4 12. Bd2 Qa4 13. Bc3 Be7 14. Re1 f5 15. Qd2 Nh6 16. h3 Nd8 17. Nfd4 Bc8 18. Ba5 Qd7 19. Bh5+ Nhf7 20. Nxf5 exf5 21. Bxd8 Qxd8 22. e6 Bxe6 23. Rxe6 0-0 24. Rae1 Bf6 25. Bxf7+ Rxf7 26. Rd6 Qf8 27. Qxd5 Kh8 28. Rd7 Rxd7 29. Qxd7 Qc8 30. Qf7 f4 31. Na5 f3 32. Nxb7 fxg2 33. Nd6 Qf8 34. c6 Rc8 35. Qxf8+ Rxf8 36. c7 1-0

[Event "Wch Rapid (Women)"]
[Site "Samarkand"]
[Date "2023.12.26"]
[Round "4"]
[White "Mammadova, Gulnar Marfat Qizi"]
[Black "Abdulla, Khayala Mardan Qizi"]
[Result "0-1"]
[WhiteElo "2350"]
[BlackElo "2266"]
[PlyCount "114"]
[EventDate "2023.12.26"]
[EventType "swiss (rapid)"]
[EventRounds "11"]
[EventCountry "UZB"]
[SourceTitle "CB01_2024"]
[SourceDate "2024.01.03"]
[SourceVersion "1"]
[SourceVersionDate "2024.01.03"]
[SourceQuality "1"]

1. e4 c5 2. Nf3 a6 3. c3 e6 4. d4 d5 5. e5 Nc6 6. Bd3 f6 7. 0-0 Bd7 8. Bf4 Qb6 9. dxc5 Qxb2 10. Nbd2 Qxc3 11. Nb3 Nb4 12. Be2 Qc2 13. Qe1 Qe4 14. Qd2 Nc6 15. Bd3 Qb4 16. Qe3 fxe5 17. Nxe5 Nxe5 18. Qxe5 Nf6 19. Nd4 Bxc5 20. Nxe6 Bxe6 21. Qxe6+ Kf8 22. Rab1 Qxf4 23. Rxb7 Ng4 24. g3 Qf3 25. Qf5+ Qxf5 26. Bxf5 Nf6 27. Rc1 Be7 28. Rcc7 Re8 29. Bc2 Ne4 30. Ba4 Nd6 31. Rb6 Rd8 32. Rxa6 h5 33. Rc3 Rh6 34. Rd3 Ne4 35. Ra7 Bc5 36. Rc7 Bxf2+ 37. Kg2 Bb6 38. Rc6 Rxc6 39. Bxc6 Nf6 40. a4 d4 41. Kf3 Rc8 42. Bb5 Rc3 43. Kf4 Rc2 44. h3 Kf7 45. a5 Rf2+ 46. Kg5 Bxa5 47. Bc4+ Kf8 48. Rxd4 Rg2 49. g4 hxg4 50. hxg4 Bb6 51. Bf1 Rf2 52. Rd1 Ne4+ 53. Kh5 Ng3+ 54. Kg6 Rxf1 55. Rd6 Bc5 56. Rc6 Bd4 57. g5 Ke7 0-1

[Event "TUR-chT"]
[Site "Ankara"]
[Date "2023.07.15"]
[Round "6.5"]
[White "Abdulla, Khayala Mardan Qizi"]
[Black "Ozturk Orenli, Kubra"]
[Result "1/2-1/2"]
[WhiteElo "2229"]
[BlackElo "2319"]
[PlyCount "94"]
[EventDate "2023.07.10"]
[EventType "team-tourn"]
[EventRounds "11"]
[EventCountry "TUR"]
[SourceTitle "EXT 2024"]
[Source "ChessBase"]
[SourceDate "2023.10.10"]
[SourceVersion "1"]
[SourceVersionDate "2023.10.10"]
[SourceQuality "1"]
[WhiteTeam "Karaman Futbol"]
[BlackTeam "Gokturk"]
[WhiteTeamCountry "TUN"]
[BlackTeamCountry "TUR"]

1. d4 d5 2. Nf3 Nf6 3. Bf4 e6 4. e3 Bd6 5. Bd3 c5 6. dxc5 Bxf4 7. exf4 Qa5+ 8. Nc3 0-0 9. 0-0 Qxc5 10. Nb5 Nc6 11. c3 Qb6 12. Qe2 Bd7 13. a4 a6 14. Nbd4 Rac8 15. Nxc6 Bxc6 16. Nd4 Rfe8 17. Rfe1 Qc7 18. g3 Nd7 19. b4 Nb6 20. Qc2 Bxa4 21. Rxa4 Qxc3 22. Bxh7+ Kh8 23. Qxc3 Rxc3 24. Bc2 Rxc2 25. Rxa6 bxa6 26. Nxc2 Rc8 27. Re2 Na4 28. Rd2 Rc4 29. Kg2 Kh7 30. h4 Kg6 31. Nd4 Rxb4 32. Nc6 Rb2 33. f5+ Kxf5 34. Rd4 Nc5 35. Rf4+ Kg6 36. Ne5+ Kh7 37. Rxf7 Re2 38. Rc7 Rxe5 39. Rxc5 Re1 40. Ra5 Kg6 41. Rxa6 Kf6 42. Kf3 g6 43. Kg4 Rf1 44. f4 Rc1 45. Ra7 Rc3 46. Rb7 Re3 47. Ra7 Rb3 1/2-1/2

[Event "TUR-chT"]
[Site "Ankara"]
[Date "2023.07.10"]
[Round "1.2"]
[White "Abdulla, Khayala Mardan Qizi"]
[Black "Caglar, Sila"]
[Result "1-0"]
[WhiteElo "2229"]
[BlackElo "2235"]
[PlyCount "81"]
[EventDate "2023.07.10"]
[EventType "team-tourn"]
[EventRounds "11"]
[EventCountry "TUR"]
[SourceTitle "EXT 2024"]
[Source "ChessBase"]
[SourceDate "2023.10.10"]
[SourceVersion "1"]
[SourceVersionDate "2023.10.10"]
[SourceQuality "1"]
[WhiteTeam "Karaman Futbol"]
[BlackTeam "Hukukcu Fenerbahceliler"]
[WhiteTeamCountry "TUN"]
[BlackTeamCountry "TUR"]

1. e4 c5 2. Nf3 Nc6 3. d4 cxd4 4. Nxd4 g6 5. c4 Bg7 6. Be3 Qb6 7. Nb3 Qd8 8. Nc3 Bxc3+ 9. bxc3 Nf6 10. f3 d6 11. Be2 Be6 12. 0-0 0-0 13. Qe1 Ne5 14. c5 d5 15. Bd4 Nc6 16. Bxf6 exf6 17. Rd1 Ne7 18. exd5 Bf5 19. Bc4 Bc2 20. Rd2 Bxb3 21. axb3 Nf5 22. d6 Rc8 23. b4 Qd7 24. Bd5 a5 25. Be4 Ng7 26. Qh4 Rfe8 27. Bxb7 Qxb7 28. d7 axb4 29. dxc8Q Qxc8 30. cxb4 Qf5 31. Rfd1 Ne6 32. Rd5 Qc2 33. Qxf6 Qb3 34. Rd7 Nf8 35. R7d3 Qxb4 36. Qc3 Qb8 37. c6 Ne6 38. Rd7 Qb6+ 39. Kh1 Qf2 40. Qf6 Ng5 41. Rd8 1-0

[Event "Baku op"]
[Site "Baku"]
[Date "2023.05.12"]
[Round "9"]
[White "Talibov, Shiroghlan"]
[Black "Abdulla, Khayala Mardan Qizi"]
[Result "1-0"]
[WhiteElo "2359"]
[BlackElo "2213"]
[PlyCount "103"]
[EventDate "2023.05.04"]
[EventType "swiss"]
[EventRounds "9"]
[EventCountry "AZE"]
[SourceTitle "CBM 214 Extra"]
[Source "ChessBase"]
[SourceDate "2023.07.31"]
[SourceVersion "1"]
[SourceVersionDate "2023.07.31"]
[SourceQuality "1"]

1. e4 e5 2. Nf3 Nc6 3. Bb5 a6 4. Ba4 Nf6 5. 0-0 Nxe4 6. d4 Be7 7. Re1 b5 8. Rxe4 d5 9. Nxe5 Nxe5 10. Rxe5 bxa4 11. Nc3 0-0 12. Rxd5 Bd6 13. Bf4 Re8 14. Qd2 a3 15. b3 h6 16. Bxd6 cxd6 17. Qf4 Bb7 18. Rh5 Rc8 19. Rh3 Qa5 20. Qd2 Re6 21. d5 Re5 22. Rd3 Rce8 23. h3 Bc8 24. Rg3 Bf5 25. Kh2 Bg6 26. Qd4 Rb8 27. Rc1 Rb4 28. Qd2 Qc5 29. Rd1 Rf5 30. Re3 Rff4 31. Qe2 a5 32. Rd2 Rbd4 33. Kg1 Bh5 34. Rxd4 Bxe2 35. Rxf4 Ba6 36. Ref3 f6 37. Re4 Kf7 38. Rfe3 Kf8 39. Re8+ Kf7 40. R8e7+ Kf8 41. Rd7 f5 42. Rg3 f4 43. Rf3 Kg8 44. Rd8+ Kh7 45. Rf8 g5 46. Kh2 Qd4 47. Re8 Kg7 48. Re7+ Kf8 49. Re4 h5 50. h4 Qd2 51. hxg5 Qxc2 52. Rexf4+ 1-0

[Event "AZE-ch (Women)"]
[Site "Baku"]
[Date "2023.02.04"]
[Round "1"]
[White "Allahverdiyeva, Ayan"]
[Black "Abdulla, Khayala Mardan Qizi"]
[Result "1-0"]
[WhiteElo "2060"]
[BlackElo "2220"]
[PlyCount "75"]
[EventDate "2023.02.04"]
[EventType "tourn"]
[EventRounds "11"]
[EventCountry "AZE"]
[SourceTitle "CBM 212 Extra"]
[Source "ChessBase"]
[SourceDate "2023.03.31"]
[SourceVersion "1"]
[SourceVersionDate "2023.03.31"]
[SourceQuality "1"]

1. e4 c5 2. Nf3 e6 3. d4 cxd4 4. Nxd4 Nf6 5. Nc3 Nc6 6. Nxc6 bxc6 7. e5 Nd5 8. Ne4 Qc7 9. f4 c5 10. c4 Nb4 11. a3 Nc6 12. Be3 Rb8 13. Ra2 Be7 14. Nd6+ Bxd6 15. Qxd6 Qxd6 16. exd6 Nd4 17. Bxd4 cxd4 18. b4 g5 19. fxg5 Bb7 20. Re2 h6 21. g6 fxg6 22. Re5 0-0 23. Bd3 Rbc8 24. h4 Rf4 25. Rh3 Rg4 26. c5 Bxg2 27. Rh2 Bd5 28. Rf2 Rf8 29. Rxf8+ Kxf8 30. Rxd5 exd5 31. b5 Rg1+ 32. Kd2 Rg2+ 33. Be2 Rg3 34. c6 Ke8 35. c7 Rc3 36. a4 Kf7 37. Bg4 Ke8 38. a5 1-0

[Event "Titled Tuesday intern op 27th Dec Early"]
[Site "Chess.com INT"]
[Date "2022.12.27"]
[Round "2"]
[White "Abdulla, Khayala Mardan Qizi"]
[Black "Bachmann, Axel"]
[Result "0-1"]
[WhiteElo "2220"]
[BlackElo "2618"]
[PlyCount "112"]
[EventDate "2022.12.27"]
[EventType "swiss (blitz)"]
[EventRounds "11"]
[EventCountry "USA"]
[SourceTitle "EXT 2024"]
[Source "ChessBase"]
[SourceDate "2023.10.10"]
[SourceVersion "1"]
[SourceVersionDate "2023.10.10"]
[SourceQuality "1"]

1. e4 g6 2. d4 Bg7 3. Nc3 c6 4. f4 d5 5. e5 h5 6. Nf3 Nh6 7. h3 Nf5 8. Bd3 Ng3 9. Rg1 Bf5 10. Be3 Bxd3 11. Qxd3 e6 12. 0-0-0 h4 13. Ne2 Nf5 14. Ng5 Bf8 15. g4 hxg3 16. Nxg3 Nh4 17. f5 gxf5 18. Rdf1 Na6 19. Ne2 Be7 20. Nf3 Nxf3 21. Rxf3 Qa5 22. Rg7 Nb4 23. Qb3 Qxa2 24. Qxa2 Nxa2+ 25. Kb1 Nb4 26. c3 Na6 27. Nf4 Bf8 28. Rg2 0-0-0 29. Rfg3 Bh6 30. Kc2 Nb8 31. b4 Nd7 32. Kd3 Nb6 33. Ne2 Bxe3 34. Rxe3 Rh4 35. Reg3 Rdh8 36. Ng1 Kd7 37. Rg8 Ke7 38. R8g7 Nc4 39. Kc2 b6 40. Kd3 a5 41. Nf3 Rxh3 42. R7g3 f4 43. Rxh3 Rxh3 44. Ke2 a4 45. Rg7 a3 46. Ng5 Rh2+ 47. Kf3 a2 48. Rxf7+ Ke8 49. Ra7 Na5 50. bxa5 a1Q 51. axb6 Qd1+ 52. Kxf4 Qd2+ 53. Kg4 Rg2+ 54. Kh3 Qxg5 55. Ra8+ Kf7 56. Ra7+ Kg6 0-1

[Event "Titled Tuesday intern op 27th Dec Early"]
[Site "Chess.com INT"]
[Date "2022.12.27"]
[Round "1"]
[White "Kezin, Roman"]
[Black "Abdulla, Khayala Mardan Qizi"]
[Result "1-0"]
[WhiteElo "2513"]
[BlackElo "2220"]
[PlyCount "67"]
[EventDate "2022.12.27"]
[EventType "swiss (blitz)"]
[EventRounds "11"]
[EventCountry "USA"]
[SourceTitle "EXT 2024"]
[Source "ChessBase"]
[SourceDate "2023.10.10"]
[SourceVersion "1"]
[SourceVersionDate "2023.10.10"]
[SourceQuality "1"]

1. Nf3 Nf6 2. b3 g6 3. Bb2 Bg7 4. c4 c5 5. e3 0-0 6. Be2 Nc6 7. 0-0 d5 8. cxd5 Nxd5 9. Bxg7 Kxg7 10. Qc1 b6 11. d4 Qd6 12. dxc5 bxc5 13. Nc3 Bf5 14. Rd1 Nxc3 15. Qxc3+ Qf6 16. Qxc5 Rac8 17. Rac1 h5 18. Ba6 Rc7 19. Nd4 Be4 20. Bf1 Rfc8 21. Nb5 Rb7 22. Nc3 Bf5 23. Nd5 Qg5 24. Nf4 e5 25. Ne2 a6 26. Ng3 Rb5 27. Bxb5 axb5 28. Qd6 Bg4 29. Ne4 Qf5 30. f3 Bxf3 31. gxf3 Qxf3 32. Qf6+ Qxf6 33. Nxf6 Kxf6 34. Rd6+ 1-0

[Event "AZE-ch Rapid (Women)"]
[Site "Baku"]
[Date "2022.12.03"]
[Round "5"]
[White "Abdulla, Khayala Mardan Qizi"]
[Black "Mammadova, Gulnar Marfat Qizi"]
[Result "1/2-1/2"]
[WhiteElo "2220"]
[BlackElo "2376"]
[PlyCount "112"]
[EventDate "2022.12.02"]
[EventType "swiss (rapid)"]
[EventRounds "7"]
[EventCountry "AZE"]
[SourceTitle "CBM 211 Extra"]
[Source "ChessBase"]
[SourceDate "2023.01.31"]
[SourceVersion "1"]
[SourceVersionDate "2023.01.31"]
[SourceQuality "1"]

1. e4 e6 2. d4 d5 3. Nc3 Nf6 4. Bg5 dxe4 5. Nxe4 Be7 6. Bxf6 gxf6 7. Nf3 f5 8. Ned2 c5 9. Bb5+ Bd7 10. Bxd7+ Qxd7 11. Nc4 Qd5 12. Ne3 Qe4 13. 0-0 Nc6 14. d5 Ne5 15. Nxe5 Qxe5 16. dxe6 0-0 17. exf7+ Rxf7 18. Qd5 Qxd5 19. Nxd5 Bf6 20. c3 Kg7 21. Rad1 Rd8 22. Nxf6 Rxd1 23. Ne8+ Kf8 24. Rxd1 Kxe8 25. Rd5 b6 26. f4 Ke7 27. Kf2 Ke6 28. c4 Rg7 29. Kf3 Rg8 30. g3 Rc8 31. h3 h5 32. b3 Rg8 33. a3 Rc8 34. g4 hxg4+ 35. hxg4 fxg4+ 36. Kxg4 Rg8+ 37. Rg5 Rd8 38. Rg6+ Kf7 39. Rc6 Rd3 40. Kf5 Ke8 41. Rh6 Rxb3 42. Rh8+ Kd7 43. Rh7+ Kd6 44. Rxa7 Rc3 45. Ra4 Rc1 46. Kf6 Rf1 47. f5 Rf4 48. Kg6 Ke5 49. Ra6 Rg4+ 50. Kf7 Kxf5 51. Rxb6 Rxc4 52. Rc6 Ke5 53. Ke7 Kd4 54. Kd6 Rc1 55. a4 Rh1 56. a5 c4 1/2-1/2